Spectral line shapes . (Record no. 41582)
[ view plain ]
| 000 -LEADER | |
|---|---|
| fixed length control field | 00636nam a2200193 4500 |
| 008 - FIXED-LENGTH DATA ELEMENTS--GENERAL INFORMATION | |
| fixed length control field | 260703b |||||||| |||| 00| 0 eng d |
| 020 ## - INTERNATIONAL STANDARD BOOK NUMBER | |
| ISBN | 3110081504 |
| 020 ## - INTERNATIONAL STANDARD BOOK NUMBER | |
| ISBN | 3110981504 |
| 245 ## - TITLE STATEMENT | |
| Title | Spectral line shapes . |
| Statement of responsibility, etc | edited by Regina J. Exton |
| 250 ## - EDITION STATEMENT | |
| Edition statement | volume 4 |
| 260 ## - PUBLICATION, DISTRIBUTION, ETC. (IMPRINT) | |
| Place of publication | Berlin |
| Name of publisher | Deepak Publishing |
| Date of publication | 1986 |
| 300 ## - PHYSICAL DESCRIPTION | |
| Pagination | xv , 646p. |
| Other physical details | illus. |
| 440 ## - SERIES STATEMENT/ADDED ENTRY--TITLE | |
| Series Title | proceedings of the eighth international conference , Williamburg , Virginia , 9-13 june 1989. |
| 500 ## - GENERAL NOTE | |
| General note | it includes index |
| 650 ## - SUBJECT ADDED ENTRY--TOPICAL TERM | |
| Topical term | Spectral Line Broadening - Congresses |
| 650 ## - SUBJECT ADDED ENTRY--TOPICAL TERM | |
| Topical term | Collission Broadening - Congresses |
| 942 ## - ADDED ENTRY ELEMENTS (KOHA) | |
| Item type | Books |
| Source of classification or shelving scheme | Not for loan | Collection code | Home library | Current library | Shelving location | Date acquired | Mode of acquisition | Full call number | Accen. No. | Copy number | Koha item type |
|---|---|---|---|---|---|---|---|---|---|---|---|
| Library of Congress Classification | Non-fiction | OLUSEGUN OKE LIBRARY LAUTECH | OLUSEGUN OKE LIBRARY LAUTECH | Olusegun Oke Library East Reading Room | 03/07/2026 | Gift | QC 467.S64 1986 | 0047722 | 1 | Books |